[Event "Skopje MKD"]
[Site "Skopje MKD"]
[Date "2014.03.30"]
[Round "3.64"]
[White "Radovanovic, Jovica"]
[Black "Van der Merwe, Cecile Henriette"]
[Result "1/2-1/2"]
[WhiteElo "2372"]
[BlackElo "2026"]
[PlyCount "45"]
[EventDate "2014.03.29"]
[EventType "swiss"]
[EventRounds "9"]

1. Nf3 Nf6 2. c4 g6 3. g3 Bg7 4. Bg2 O-O 5. O-O c6 6. d4 d5 7. Qb3 dxc4 8. Qxc4
Na6 9. Nc3 Be6 10. Qa4 Nd5 11. e4 Nb6 12. Qd1 Bg4 13. Ne2 e5 14. Bg5 Qd6 15.
dxe5 Qxd1 16. Raxd1 Bxe5 17. b3 Bxf3 18. Bxf3 f6 19. Be3 Rad8 20. Bg4 Rfe8 21.
f4 Bc7 22. Rxd8 Rxd8 23. Be6+ 1/2-1/2

[Event "Skopje MKD"]
[Site "Skopje MKD"]
[Date "2014.03.30"]
[Round "3.65"]
[White "Codenotti, Marco"]
[Black "Orehek, Spela"]
[Result "0-1"]
[WhiteElo "2362"]
[BlackElo "2018"]
[PlyCount "70"]
[EventDate "2014.03.29"]
[EventType "swiss"]
[EventRounds "9"]

1. e4 e5 2. Nf3 Nc6 3. Bb5 a6 4. Ba4 Nge7 5. O-O g6 6. c3 Bg7 7. d4 exd4 8.
cxd4 b5 9. Bb3 O-O 10. Bg5 Na5 11. Bc2 d6 12. Nc3 h6 13. Bh4 Bg4 14. Qd3 Bxf3
15. gxf3 g5 16. Bg3 Ng6 17. a3 Qf6 18. Ne2 Rfd8 19. Qc3 Nc4 20. b3 Nb6 21. Qe3
c5 22. Rad1 Nd7 23. dxc5 Nde5 24. f4 gxf4 25. Nxf4 Nxf4 26. Bxf4 dxc5 27. Kh1
Ng6 28. Bg3 Qb2 29. Rxd8+ Rxd8 30. Qxc5 Bf8 31. Qc6 Rd2 32. Bb1 Qxb3 33. e5 Rd1
34. Bxg6 Rxf1+ 35. Kg2 Qd1 0-1

[Event "Skopje MKD"]
[Site "Skopje MKD"]
[Date "2014.03.30"]
[Round "3.66"]
[White "Markovski, Velo"]
[Black "Cawdery, Daniel"]
[Result "0-1"]
[WhiteElo "2017"]
[BlackElo "2362"]
[PlyCount "68"]
[EventDate "2014.03.29"]
[EventType "swiss"]
[EventRounds "9"]

1. e4 c5 2. Nf3 Nc6 3. Bb5 g6 4. c3 Nf6 5. e5 Nd5 6. O-O Bg7 7. d4 cxd4 8. cxd4
O-O 9. Nc3 Nc7 10. Ba4 d6 11. exd6 Qxd6 12. Bxc6 bxc6 13. h3 Rb8 14. Re1 Ne6
15. Ne2 Ba6 16. Rb1 Rfd8 17. Be3 c5 18. d5 Bxe2 19. Qxe2 Qxd5 20. b3 Bf6 21.
Qa6 Nd4 22. Nh2 Rd6 23. Qa5 Nc2 24. Re2 Nxe3 25. Rxe3 c4 26. Qc7 Rb7 27. Qc8+
Rd8 28. Qg4 c3 29. Nf3 c2 30. Rc1 Rc7 31. Ree1 Bb2 32. Qf4 Qd6 33. Ne5 Bxe5 34.
Rxe5 f6 0-1

[Event "Skopje MKD"]
[Site "Skopje MKD"]
[Date "2014.03.30"]
[Round "3.67"]
[White "Draskovic, Luka"]
[Black "Mihajlovski, Petre"]
[Result "1/2-1/2"]
[WhiteElo "2360"]
[BlackElo "2007"]
[PlyCount "50"]
[EventDate "2014.03.29"]
[EventType "swiss"]
[EventRounds "9"]

1. e4 c6 2. d4 d5 3. Nc3 dxe4 4. Nxe4 Bf5 5. Nc5 b6 6. Nb3 Nf6 7. Nf3 Nbd7 8.
g3 e6 9. Bg2 Bd6 10. Nh4 Bg4 11. Qd3 Rc8 12. h3 Bh5 13. Bd2 c5 14. dxc5 Nxc5
15. Qb5+ Nfd7 16. O-O a6 17. Qc4 b5 18. Qd4 Be5 19. Qe3 Bxb2 20. Rab1 Bf6 21.
Bb4 Bg5 22. Qd4 Bf6 23. Qe3 Bg5 24. Qd4 Bf6 25. Qe3 Bg5 1/2-1/2

[Event "Skopje MKD"]
[Site "Skopje MKD"]
[Date "2014.03.30"]
[Round "3.68"]
[White "Klasan, Vladimir"]
[Black "Stojkovska, Monika"]
[Result "1/2-1/2"]
[WhiteElo "2345"]
[BlackElo "1997"]
[PlyCount "76"]
[EventDate "2014.03.29"]
[EventType "swiss"]
[EventRounds "9"]

1. e4 e6 2. d4 d5 3. Nc3 Bb4 4. Bd3 c5 5. exd5 Qxd5 6. Bd2 Bxc3 7. Bxc3 cxd4 8.
Bxd4 e5 9. Bc3 Qxg2 10. Qf3 Qxf3 11. Nxf3 f6 12. Rg1 Kf7 13. Nd2 Ne7 14. Ne4 g6
15. f4 Nbc6 16. O-O-O Kg7 17. fxe5 Nxe5 18. Nxf6 Kxf6 19. Rge1 N7c6 20. Bb5 Re8
21. Bxc6 bxc6 22. Rxe5 Rxe5 23. Re1 Be6 24. Rxe5 Kf7 25. Bd4 a6 26. b3 Rd8 27.
Bf2 Rd5 28. Re4 Bf5 29. Ra4 Bc8 30. Rc4 Bd7 31. Bg3 g5 32. Ra4 Bc8 33. Rb4 Rb5
34. Rd4 Rd5 35. Rc4 Bd7 36. Ra4 Bc8 37. Rb4 Rb5 38. Rd4 Rd5 1/2-1/2

[Event "Skopje MKD"]
[Site "Skopje MKD"]
[Date "2014.03.30"]
[Round "3.69"]
[White "Ilic, Slobodan R"]
[Black "Tesik, Csaba"]
[Result "0-1"]
[WhiteElo "2012"]
[BlackElo "2344"]
[PlyCount "62"]
[EventDate "2014.03.29"]
[EventType "swiss"]
[EventRounds "9"]

1. d4 Nf6 2. Nf3 g6 3. g3 Bg7 4. Bg2 O-O 5. O-O d6 6. c3 Nbd7 7. Nbd2 e5 8.
dxe5 dxe5 9. Nc4 Qe7 10. Qc2 e4 11. Ng5 Re8 12. b3 Nb6 13. Ba3 c5 14. Ne3 Nfd5
15. Nxd5 Nxd5 16. c4 Qxg5 17. cxd5 Bxa1 18. Rxa1 Qxd5 19. Rd1 Qc6 20. Bb2 Bf5
21. Qc3 f6 22. h3 h5 23. Rc1 b6 24. Qe3 Kg7 25. b4 c4 26. Qf4 Qe6 27. g4 hxg4
28. hxg4 Bxg4 29. Rxc4 Bf5 30. Rd4 Rad8 31. Qc7+ Rd7 0-1

[Event "Skopje MKD"]
[Site "Skopje MKD"]
[Date "2014.03.30"]
[Round "3.70"]
[White "Vucinic, Gojko"]
[Black "Graeffe, Petri"]
[Result "1-0"]
[WhiteElo "2343"]
[BlackElo "1996"]
[PlyCount "71"]
[EventDate "2014.03.29"]
[EventType "swiss"]
[EventRounds "9"]

1. e4 c5 2. Nf3 e6 3. d4 cxd4 4. Nxd4 a6 5. Nc3 Qc7 6. Bd3 Bc5 7. Nb3 Ba7 8.
Qg4 Kf8 9. Bf4 d6 10. Qg3 e5 11. Nd5 Qd8 12. Be3 Nc6 13. O-O-O Be6 14. f4 Bxe3+
15. Qxe3 Bxd5 16. exd5 exf4 17. Qxf4 Ne5 18. Rhf1 Nf6 19. Kb1 Rc8 20. Nd4 Rc5
21. g4 h6 22. h4 Nexg4 23. Ne6+ fxe6 24. Qxg4 e5 25. Qg6 Rc7 26. Rf3 h5 27.
Rdf1 Rf7 28. Qg5 Ke7 29. Bg6 Rff8 30. Bf5 Rf7 31. Be6 Rh6 32. Rg1 Qh8 33. Bxf7
Kxf7 34. Qf5 Qe8 35. Rc3 g6 36. Rc7+ 1-0

[Event "Skopje MKD"]
[Site "Skopje MKD"]
[Date "2014.03.30"]
[Round "3.71"]
[White "Padjen, Zdenko"]
[Black "Dinev, Dejan"]
[Result "1/2-1/2"]
[WhiteElo "2004"]
[BlackElo "2342"]
[PlyCount "99"]
[EventDate "2014.03.29"]
[EventType "swiss"]
[EventRounds "9"]

1. e4 c5 2. Nf3 d6 3. c3 Nf6 4. Be2 g6 5. O-O Bg7 6. Re1 O-O 7. Bf1 Nc6 8. h3
e5 9. d4 Qc7 10. d5 Ne7 11. a4 Ne8 12. Na3 h6 13. b4 b6 14. a5 f5 15. axb6 axb6
16. Nb5 Qb8 17. Rxa8 Qxa8 18. exf5 gxf5 19. bxc5 bxc5 20. c4 Bd7 21. Qb3 e4 22.
Nh2 Qa5 23. Re2 Bxb5 24. cxb5 Nc7 25. Ra2 Qb6 26. Bc4 Kh7 27. g4 Ng6 28. Bd2
Ne5 29. Ba5 Qb7 30. Bxc7 Qxc7 31. gxf5 Qf7 32. b6 Qxf5 33. Bf1 Qg5+ 34. Kh1 c4
35. Qc2 Nd3 36. Qxc4 Nxf2+ 37. Rxf2 Rxf2 38. Qxe4+ Kg8 39. b7 Qd8 40. Qe6+ Kh8
41. Bb5 Rf8 42. Bd3 Qh4 43. Nf3 Qf4 44. Qg4 Qe3 45. Bf5 Qb3 46. Nh4 Bf6 47.
Ng6+ Kg8 48. Ne7+ Kh8 49. Ng6+ Kg8 50. Ne7+ 1/2-1/2

[Event "Skopje MKD"]
[Site "Skopje MKD"]
[Date "2014.03.30"]
[Round "3.72"]
[White "Nikolova, Adriana"]
[Black "Asani, Adem"]
[Result "1/2-1/2"]
[WhiteElo "2341"]
[BlackElo "1991"]
[PlyCount "56"]
[EventDate "2014.03.29"]
[EventType "swiss"]
[EventRounds "9"]

1. e4 e5 2. Nf3 Nc6 3. Bb5 a6 4. Ba4 Bc5 5. O-O Nge7 6. Nxe5 Nxe5 7. d4 Bxd4 8.
Qxd4 f6 9. Bb3 d6 10. f4 Nf7 11. a4 O-O 12. Nc3 Kh8 13. Be3 Nc6 14. Qd2 Nh6 15.
f5 Ng4 16. Bf4 Nge5 17. Rad1 Bd7 18. Qe2 Qe8 19. Ra1 Nd4 20. Qd2 Nxb3 21. cxb3
Bc6 22. Rfe1 Rc8 23. Re3 Qf7 24. Qc2 Rfe8 25. Rh3 Re7 26. Qf2 Nd7 27. Re1 Rce8
28. Rhe3 Nc5 1/2-1/2

[Event "Skopje MKD"]
[Site "Skopje MKD"]
[Date "2014.03.30"]
[Round "3.73"]
[White "Dimov, Daniel"]
[Black "Radovanovic, Nikola"]
[Result "0-1"]
[WhiteElo "1997"]
[BlackElo "2308"]
[PlyCount "76"]
[EventDate "2014.03.29"]
[EventType "swiss"]
[EventRounds "9"]

1. e4 c5 2. Nf3 d6 3. d4 cxd4 4. Nxd4 Nf6 5. Nc3 a6 6. Be2 e5 7. Nb3 Be7 8. O-O
Be6 9. Be3 Nbd7 10. f3 b5 11. a4 b4 12. Nd5 Bxd5 13. exd5 Nb6 14. Bxb6 Qxb6+
15. Kh1 h5 16. Qd3 h4 17. a5 Qb7 18. Rad1 Nh5 19. Nc1 Qa7 20. h3 Ng3+ 21. Kh2
Bg5 22. f4 Nxf1+ 23. Rxf1 Bxf4+ 24. Rxf4 exf4 25. Qe4+ Qe7 26. Qxf4 O-O 27. Bd3
Rfe8 28. Ne2 Qe5 29. Kg1 Qxf4 30. Nxf4 Rec8 31. Ne2 Rc5 32. Nd4 Rxd5 33. Nc6
Rxd3 34. cxd3 b3 35. Kf2 Re8 36. d4 Kf8 37. Kf3 Re1 38. d5 Rb1 0-1

[Event "Skopje MKD"]
[Site "Skopje MKD"]
[Date "2014.03.30"]
[Round "3.74"]
[White "Toth, Aleksandar"]
[Black "Lazov, Toni"]
[Result "1-0"]
[WhiteElo "2306"]
[BlackElo "1965"]
[PlyCount "81"]
[EventDate "2014.03.29"]
[EventType "swiss"]
[EventRounds "9"]

1. Nf3 Nf6 2. g3 g6 3. Bg2 Bg7 4. d3 d5 5. Nbd2 c5 6. e4 dxe4 7. dxe4 Nc6 8.
O-O O-O 9. h3 e5 10. c3 Qe7 11. Re1 h6 12. a4 Be6 13. Qe2 Rfd8 14. Nc4 Ne8 15.
Ne3 Na5 16. Nd2 Qd7 17. Kh2 f5 18. Nec4 Nxc4 19. Nxc4 f4 20. gxf4 exf4 21. e5
Qf7 22. b3 Rab8 23. a5 g5 24. Bf3 b5 25. axb6 axb6 26. Bh5 Qe7 27. Ra6 Kh8 28.
Bg4 Nc7 29. Ra7 Rd7 30. Nd6 Nd5 31. Rxd7 Qxd7 32. Bxe6 Qxe6 33. c4 Ne7 34. Qe4
Rd8 35. Bb2 Ng6 36. Ra1 Rxd6 37. Qa8+ Kh7 38. exd6 Bxb2 39. Ra7+ Bg7 40. Qb7
Qe5 41. Qxg7+ 1-0

[Event "Skopje MKD"]
[Site "Skopje MKD"]
[Date "2014.03.30"]
[Round "3.75"]
[White "Basso, Pier Luigi"]
[Black "Montolio Benedicto, Cesar"]
[Result "1-0"]
[WhiteElo "2304"]
[BlackElo "1950"]
[PlyCount "97"]
[EventDate "2014.03.29"]
[EventType "swiss"]
[EventRounds "9"]

1. d4 Nf6 2. Bg5 e6 3. e4 h6 4. Bxf6 Qxf6 5. Nc3 Qd8 6. Qd2 d5 7. O-O-O c6 8.
e5 c5 9. f4 cxd4 10. Nb5 Nc6 11. Nxd4 Nxd4 12. Qxd4 Bd7 13. Nf3 Qc7 14. f5 Bc5
15. Qd2 O-O-O 16. fxe6 fxe6 17. h4 Kb8 18. Kb1 Rc8 19. Rh3 Ba4 20. Bd3 Rhf8 21.
Rg3 Rf7 22. Rg4 Be8 23. Bg6 Re7 24. Bxe8 Rexe8 25. Rg6 Re7 26. c3 Rf8 27. Qc2
Qc8 28. Qa4 Qe8 29. Qxe8+ Rfxe8 30. Rh1 Rf8 31. Rh3 Bf2 32. Kc2 Kc7 33. Kd3 Kd7
34. Ke2 Bb6 35. Rhg3 Rff7 36. R3g4 Ke8 37. Rb4 Kf8 38. Rgg4 Kg8 39. Rb5 Rc7 40.
a4 Rc5 41. Rgb4 Rxb5 42. Rxb5 Bd8 43. g3 Rc7 44. Rb4 b6 45. Nd4 Kf7 46. Nb5 Rd7
47. Rf4+ Kg6 48. Nd4 Rf7 49. h5+ 1-0

[Event "Skopje MKD"]
[Site "Skopje MKD"]
[Date "2014.03.30"]
[Round "3.76"]
[White "Nikolovski, Nikola"]
[Black "Papp, Petra"]
[Result "1/2-1/2"]
[WhiteElo "1996"]
[BlackElo "2302"]
[PlyCount "64"]
[EventDate "2014.03.29"]
[EventType "swiss"]
[EventRounds "9"]

1. e4 c5 2. Nf3 d6 3. d4 cxd4 4. Nxd4 Nf6 5. Nc3 a6 6. a4 e5 7. Nb3 Be7 8. Be2
O-O 9. O-O Nc6 10. f4 Nb4 11. a5 Be6 12. Be3 Rc8 13. Ra4 d5 14. fxe5 Nxe4 15.
Bd4 Qe8 16. Ra1 Qc6 17. Nxe4 dxe4 18. c3 Nd5 19. Nd2 Rfd8 20. Qb1 f5 21. exf6
Nxf6 22. Rf4 Nd5 23. Rf1 e3 24. Ne4 Rf8 25. Qd3 Bf5 26. Bf3 Qh6 27. Bxg7 Qxg7
28. Qxd5+ Kh8 29. Qd3 Bc5 30. Qe2 Bxe4 31. Bxe4 Rf2 32. Rxf2 exf2+ 1/2-1/2

[Event "Skopje MKD"]
[Site "Skopje MKD"]
[Date "2014.03.30"]
[Round "3.77"]
[White "Dimic, Pavle"]
[Black "Taylor, Robert Graham"]
[Result "1/2-1/2"]
[WhiteElo "2293"]
[BlackElo "1945"]
[PlyCount "83"]
[EventDate "2014.03.29"]
[EventType "swiss"]
[EventRounds "9"]

1. d4 d5 2. Nf3 Nf6 3. c4 c6 4. e3 e6 5. Nc3 Nbd7 6. Bd3 Bd6 7. O-O O-O 8. e4
dxe4 9. Nxe4 Nxe4 10. Bxe4 Nf6 11. Bc2 h6 12. b3 c5 13. Bb2 b6 14. dxc5 Bxc5
15. Qe2 Bb7 16. Ne5 Qe7 17. Rad1 Rad8 18. Bb1 Rxd1 19. Rxd1 Rd8 20. Rxd8+ Qxd8
21. Kf1 Qd6 22. Qd3 Qxd3+ 23. Bxd3 Kf8 24. f3 Ke7 25. Bc2 Ne8 26. Nd3 Bd6 27.
h3 f6 28. Ke2 Nc7 29. Nf2 Ne8 30. Ne4 Bc7 31. Ba3+ Kd7 32. c5 f5 33. Nd2 Nf6
34. cxb6 Bxb6 35. Bf8 Nh5 36. Nc4 Nf4+ 37. Kf1 Bd4 38. Bd6 Nd5 39. Bg3 Ba6 40.
Bf2 Bxc4+ 41. bxc4 Ne3+ 42. Bxe3 1/2-1/2

[Event "Skopje MKD"]
[Site "Skopje MKD"]
[Date "2014.03.30"]
[Round "3.78"]
[White "Cretnik, Urban"]
[Black "Dragicevic, Drazen"]
[Result "1/2-1/2"]
[WhiteElo "1959"]
[BlackElo "2293"]
[PlyCount "122"]
[EventDate "2014.03.29"]
[EventType "swiss"]
[EventRounds "9"]

1. e4 c5 2. c3 e6 3. d4 d5 4. exd5 exd5 5. Nf3 Bd6 6. dxc5 Bxc5 7. Bb5+ Nc6 8.
O-O Nge7 9. Nbd2 O-O 10. Nb3 Bb6 11. Bg5 f6 12. Bf4 Ng6 13. Qd2 Nxf4 14. Qxf4
Bc7 15. Qh4 Ne5 16. Nxe5 fxe5 17. Qxd8 Rxd8 18. Rad1 a6 19. Be2 Be6 20. Rd2 Bb6
21. Bf3 a5 22. Re1 e4 23. Bd1 Bf7 24. Nd4 Rd6 25. a4 Rf6 26. Bb3 g5 27. h3 h5
28. Nc2 Rd8 29. Ne3 d4 30. Bxf7+ Kxf7 31. cxd4 Rxd4 32. Rxd4 Bxd4 33. Rd1 Bxe3
34. fxe3 Rb6 35. Rd5 Kg6 36. Rxa5 Rxb2 37. Rd5 g4 38. h4 Kh6 39. Kh2 Re2 40.
Rd6+ Kg7 41. Kg3 Rxe3+ 42. Kf4 Ra3 43. Rb6 e3 44. Rxb7+ Kf6 45. Rb6+ Kf7 46.
Rb7+ Ke6 47. Rb4 e2 48. Re4+ Kf6 49. Rxe2 Rxa4+ 50. Re4 Ra2 51. Rb4 Rxg2 52.
Rb6+ Kf7 53. Kg5 Rf2 54. Kxh5 g3 55. Rb1 Kf6 56. Kg4 g2 57. Rg1 Rb2 58. Kg3 Kf5
59. Rxg2 Rxg2+ 60. Kxg2 Kg4 61. Kh2 Kxh4 1/2-1/2

[Event "Skopje MKD"]
[Site "Skopje MKD"]
[Date "2014.03.30"]
[Round "3.79"]
[White "Jakovljevic, Dejan"]
[Black "Bojovic, Dusan"]
[Result "0-1"]
[WhiteElo "1948"]
[BlackElo "2284"]
[PlyCount "46"]
[EventDate "2014.03.29"]
[EventType "swiss"]
[EventRounds "9"]

1. e4 c5 2. c3 Nf6 3. e5 Nd5 4. d4 cxd4 5. Qxd4 e6 6. Nf3 Nc6 7. Qe4 f5 8. exf6
Nxf6 9. Qh4 Qc7 10. Be3 Ne5 11. Nxe5 Qxe5 12. Nd2 Be7 13. Bd3 Nd5 14. Qd4 Qxd4
15. Bxd4 Nf4 16. Bc2 Nxg2+ 17. Kd1 Nf4 18. Be5 Nh3 19. Ke2 O-O 20. Raf1 b6 21.
f4 Ba6+ 22. Bd3 Bxd3+ 23. Kxd3 d6 0-1

[Event "Skopje MKD"]
[Site "Skopje MKD"]
[Date "2014.03.30"]
[Round "3.80"]
[White "Becking, Franz Josef"]
[Black "Zupe, Miran"]
[Result "0-1"]
[WhiteElo "1943"]
[BlackElo "2278"]
[PlyCount "102"]
[EventDate "2014.03.29"]
[EventType "swiss"]
[EventRounds "9"]

1. d4 Nf6 2. Nf3 g6 3. Nc3 d5 4. Bf4 Bg7 5. h3 O-O 6. e3 c6 7. Bd3 Nbd7 8. O-O
b6 9. Ne5 Bb7 10. Ne2 c5 11. c3 e6 12. a4 c4 13. Bc2 Ne8 14. Nxd7 Qxd7 15. Bg3
Nd6 16. Bh2 Rfe8 17. Re1 f6 18. f4 Nf7 19. Ng3 Rad8 20. Qg4 Bc6 21. h4 f5 22.
Qf3 h5 23. Nh1 Bf6 24. Bg3 Qe7 25. Qf2 Nh6 26. Rf1 Ng4 27. Qe1 Kg7 28. Bd1 Rh8
29. Bc2 Rb8 30. Nf2 Bxh4 31. Bxh4 Qxh4 32. Nh3 Qe7 33. Ng5 Bd7 34. Qd2 Rb7 35.
Rfb1 Nh6 36. b4 cxb3 37. Bxb3 Rc8 38. Rc1 Rbc7 39. Qd3 Ng4 40. Kf1 Nf6 41. Rc2
Qd6 42. Rac1 Ne4 43. c4 Nxg5 44. fxg5 dxc4 45. Rxc4 Rxc4 46. Rxc4 Rxc4 47. Qxc4
a5 48. Qc3 Kf8 49. Kf2 h4 50. Kg1 Ke7 51. d5 e5 0-1

[Event "Skopje MKD"]
[Site "Skopje MKD"]
[Date "2014.03.30"]
[Round "3.81"]
[White "Vatter, Hans Joachim"]
[Black "Gjergji, Rozana"]
[Result "1-0"]
[WhiteElo "2275"]
[BlackElo "1940"]
[PlyCount "53"]
[EventDate "2014.03.29"]
[EventType "swiss"]
[EventRounds "9"]

1. d4 Nf6 2. Bg5 d5 3. Bxf6 exf6 4. e3 c6 5. c4 Bb4+ 6. Nc3 O-O 7. Qb3 Ba5 8.
cxd5 cxd5 9. Bd3 Nc6 10. Nge2 Be6 11. O-O Rc8 12. Rac1 Bc7 13. Rfe1 a6 14. Na4
Qd6 15. g3 Ba5 16. Nec3 Nb4 17. Bf1 Bf5 18. Nc5 b6 19. Nb7 Qe6 20. Nxa5 bxa5
21. Red1 Rb8 22. Qa4 Qb6 23. a3 Na2 24. Nxa2 Qxb2 25. Nc3 Rfc8 26. Qxa5 Bc2 27.
Nxd5 1-0

[Event "Skopje MKD"]
[Site "Skopje MKD"]
[Date "2014.03.30"]
[Round "3.82"]
[White "Kokol, Peter"]
[Black "Imeri, Nazmidin"]
[Result "1-0"]
[WhiteElo "2271"]
[BlackElo "1904"]
[PlyCount "47"]
[EventDate "2014.03.29"]
[EventType "swiss"]
[EventRounds "9"]

1. e4 e5 2. Nc3 Nf6 3. Bc4 Bc5 4. d3 c6 5. Bg5 Qb6 6. Qd2 Be7 7. Nf3 Qc7 8. a4
O-O 9. O-O d6 10. d4 Bg4 11. Nh4 h6 12. Bxh6 gxh6 13. Qxh6 d5 14. exd5 Nh7 15.
Bd3 f5 16. d6 Qxd6 17. Bc4+ Rf7 18. Bxf7+ Kxf7 19. Qxh7+ Ke8 20. dxe5 Qd4 21.
Ng6 Qc5 22. Rad1 Bxd1 23. Rxd1 f4 24. Ne4 1-0

[Event "Skopje MKD"]
[Site "Skopje MKD"]
[Date "2014.03.30"]
[Round "3.83"]
[White "Grigoriadis, Mihail"]
[Black "Jovanovic, Bojan P"]
[Result "1-0"]
[WhiteElo "1940"]
[BlackElo "2254"]
[PlyCount "123"]
[EventDate "2014.03.29"]
[EventType "swiss"]
[EventRounds "9"]

1. e4 e6 2. d4 d5 3. Nc3 Nf6 4. Bg5 Bb4 5. e5 h6 6. Be3 Ne4 7. Qg4 Kf8 8. Bd3
Nxc3 9. Bd2 Nxa2 10. c3 Nxc3 11. bxc3 Be7 12. Ne2 Bd7 13. Nf4 Be8 14. h4 c5 15.
Rh3 g5 16. hxg5 Bxg5 17. Nxe6+ fxe6 18. Bxg5 Qxg5 19. Qxg5 hxg5 20. Rxh8+ Ke7
21. Rh7+ Kd8 22. Rxb7 cxd4 23. cxd4 Nc6 24. Rg7 Nxd4 25. Raxa7 Rxa7 26. Rxa7 g4
27. Be2 Nc6 28. Ra8+ Ke7 29. Bb5 Nd8 30. Bxe8 Kxe8 31. Ke2 Kd7 32. Ra7+ Kc6 33.
Re7 Kc5 34. Kd3 Kb6 35. Ke3 Kc5 36. g3 Kc4 37. Rc7+ Kb5 38. Kf4 Nc6 39. Rxc6
Kxc6 40. Kxg4 Kc5 41. f4 Kc4 42. Kf3 Kc3 43. f5 d4 44. fxe6 d3 45. e7 d2 46.
e8=Q d1=Q+ 47. Kf4 Qd2+ 48. Kg4 Qe2+ 49. Kh3 Qf1+ 50. Kh4 Qh1+ 51. Kg5 Qc1+ 52.
Kg6 Qe3 53. Qc6+ Kd2 54. Qd5+ Ke2 55. g4 Qc3 56. Qe4+ Kd2 57. g5 Qc8 58. Qf4+
Ke2 59. Qf7 Qc6+ 60. e6 Ke3 61. Kg7 Qd5 62. Qf6 1-0

[Event "Skopje MKD"]
[Site "Skopje MKD"]
[Date "2014.03.30"]
[Round "3.84"]
[White "Karatrajkov, Nikola"]
[Black "Veleski, Robert"]
[Result "0-1"]
[WhiteElo "1766"]
[BlackElo "2248"]
[PlyCount "95"]
[EventDate "2014.03.29"]
[EventType "swiss"]
[EventRounds "9"]

1. d4 d5 2. c4 e6 3. Nc3 Nf6 4. Nf3 Be7 5. Bf4 O-O 6. e3 c6 7. Bd3 Nbd7 8. Rc1
Qa5 9. O-O Re8 10. Qc2 Nf8 11. Ne5 Nh5 12. Bg3 Qd8 13. f4 g6 14. Be1 Bd6 15. g4
Ng7 16. Bg3 f5 17. h3 Nd7 18. a3 Nf6 19. Bh4 Be7 20. Bxf6 Bxf6 21. b4 Bxe5 22.
dxe5 Bd7 23. b5 Qb6 24. Qe2 Rac8 25. a4 cxb5 26. Nxb5 Bxb5 27. axb5 d4 28. e4
Rf8 29. Kh2 Qc5 30. Qc2 fxg4 31. hxg4 Rxf4 32. Rxf4 Qxe5 33. Rcf1 g5 34. Kg2
gxf4 35. Qa2 h5 36. Qe2 Qg5 37. Kh3 e5 38. Rg1 Rf8 39. Qf3 Rf6 40. Be2 Rh6 41.
Kg2 Rg6 42. Kf1 hxg4 43. Rxg4 Qxg4 44. Qxg4 Rxg4 45. Bxg4 b6 46. Ke2 Kf7 47.
Kd3 Ne6 48. Bf3 0-1

[Event "Skopje MKD"]
[Site "Skopje MKD"]
[Date "2014.03.30"]
[Round "3.85"]
[White "Sorgic, Dragan"]
[Black "Citoler Serrat, Adriano"]
[Result "0-1"]
[WhiteElo "2244"]
[BlackElo "1871"]
[PlyCount "116"]
[EventDate "2014.03.29"]
[EventType "swiss"]
[EventRounds "9"]

1. e4 c5 2. Nf3 d6 3. d4 cxd4 4. Nxd4 Nf6 5. Nc3 a6 6. Be3 Ng4 7. Bg5 h6 8. Bh4
g5 9. Bg3 Bg7 10. h3 Ne5 11. f3 Nbc6 12. Bf2 Bd7 13. Qd2 b5 14. O-O-O Rc8 15.
Kb1 Na5 16. b3 Nac6 17. Nd5 O-O 18. h4 gxh4 19. f4 Ng6 20. Nf5 Bxf5 21. exf5 e6
22. Bb6 Qd7 23. fxg6 exd5 24. Bd3 Qe6 25. c3 Qf6 26. gxf7+ Kh8 27. Bc2 Rxf7 28.
Rh3 b4 29. Qd3 Kg8 30. Qg6 Qxg6 31. Bxg6 Rxf4 32. Be3 Rf6 33. Bd3 bxc3 34. a3
Ne5 35. Kc2 Nxd3 36. Kxd3 Rg6 37. Rxh4 Rg3 38. Rh3 Rxg2 39. Rc1 c2 40. Bd2 Bb2
41. Rxc2 Rxc2 42. Kxc2 Bxa3 43. Kd3 Rg6 44. Bxh6 Bb2 45. Bd2 Be5 46. b4 Kf7 47.
Kc2 Rg2 48. Kd1 Rg3 49. Rh7+ Rg7 50. Rh3 Ke6 51. Ra3 Rg1+ 52. Kc2 Ra1 53. Rh3
Ra2+ 54. Kd1 d4 55. Rh7 Kd5 56. Rc7 d3 57. Bh6 Rb2 58. Ra7 Bc3 0-1

[Event "Skopje MKD"]
[Site "Skopje MKD"]
[Date "2014.03.30"]
[Round "3.86"]
[White "Jovchev, Riste"]
[Black "Berisha, Enver"]
[Result "1-0"]
[WhiteElo "1749"]
[BlackElo "2236"]
[PlyCount "91"]
[EventDate "2014.03.29"]
[EventType "swiss"]
[EventRounds "9"]

1. e4 c5 2. Nf3 d6 3. d4 cxd4 4. Nxd4 Nc6 5. Be3 e5 6. Nb3 Nf6 7. Nc3 Be7 8.
Be2 O-O 9. O-O a5 10. Bg5 a4 11. Bxf6 Bxf6 12. Nd2 Nd4 13. Bc4 Bd7 14. Ne2 Bg4
15. f3 Be6 16. Nxd4 Qb6 17. Kh1 Qxd4 18. c3 Qc5 19. b4 axb3 20. axb3 b5 21.
Bxe6 fxe6 22. Qc2 d5 23. b4 Qc6 24. Nb3 Be7 25. exd5 exd5 26. Na5 Qc7 27. Qd3
Qd7 28. Rad1 Rad8 29. Rfe1 Bf6 30. Nb3 d4 31. cxd4 exd4 32. Nc5 Qc6 33. Ne6 Qc4
34. Nxf8 Rxf8 35. Qb1 Rd8 36. Rc1 Qf7 37. Qd3 Qh5 38. Rc5 Qg6 39. Qxg6 hxg6 40.
Rd1 d3 41. Rd2 Re8 42. g3 Re1+ 43. Kg2 Rb1 44. Rxb5 Bc3 45. Rxd3 Bxb4 46. Rd8+
1-0

[Event "Skopje MKD"]
[Site "Skopje MKD"]
[Date "2014.03.30"]
[Round "3.87"]
[White "Jefic, Srdjan"]
[Black "Aydin, Kaan Ayhan"]
[Result "1-0"]
[WhiteElo "2214"]
[BlackElo "1795"]
[PlyCount "65"]
[EventDate "2014.03.29"]
[EventType "swiss"]
[EventRounds "9"]

1. e4 e6 2. d3 c5 3. Nc3 Nc6 4. f4 d5 5. Nf3 Nge7 6. g3 g6 7. Bg2 Bg7 8. e5 a6
9. O-O b5 10. Ne2 Bb7 11. c3 Nf5 12. g4 Nh6 13. h3 Ng8 14. Be3 Qe7 15. Qe1 f5
16. Qf2 Bf8 17. g5 h6 18. h4 Rc8 19. Rfc1 Qc7 20. Bxc5 Bxc5 21. Qxc5 Nxe5 22.
Qe3 Nxf3+ 23. Bxf3 Kf7 24. Nd4 Re8 25. Re1 Qd6 26. Kg2 hxg5 27. hxg5 Bc8 28.
Qe5 Qxe5 29. Rxe5 Bd7 30. Rae1 Rh7 31. Kg3 Rh8 32. Nxe6 Ne7 33. Nc7 1-0

[Event "Skopje MKD"]
[Site "Skopje MKD"]
[Date "2014.03.30"]
[Round "3.89"]
[White "Dragnev, Valentin"]
[Black "Rykov, Ivan"]
[Result "1-0"]
[WhiteElo "2205"]
[BlackElo "1783"]
[PlyCount "103"]
[EventDate "2014.03.29"]
[EventType "swiss"]
[EventRounds "9"]

1. e4 e6 2. d4 d5 3. Nd2 c5 4. exd5 Qxd5 5. dxc5 Bxc5 6. Ngf3 Nf6 7. Bc4 Qd7 8.
Qe2 O-O 9. O-O Nc6 10. Nb3 Bd6 11. h3 a6 12. a3 Qc7 13. Bg5 Nd5 14. Rfd1 h6 15.
Bc1 Nf4 16. Qe4 Ng6 17. Bf1 Rd8 18. Qe1 b6 19. Be3 Bb7 20. a4 Nce5 21. Nfd2 Bb4
22. c3 Bc5 23. Nxc5 bxc5 24. Nc4 Nxc4 25. Bxc4 Bxg2 26. Kxg2 Nh4+ 27. Kf1 Nf3
28. Qe2 Qc6 29. Bd5 Rxd5 30. Qxf3 Rxd1+ 31. Qxd1 Qh1+ 32. Ke2 Qxh3 33. Qd6 Qg4+
34. f3 Qc4+ 35. Kf2 Qh4+ 36. Qg3 Qxg3+ 37. Kxg3 Rc8 38. Rd1 Rc6 39. b4 cxb4 40.
cxb4 Rc4 41. Rb1 Rc7 42. b5 axb5 43. axb5 Kf8 44. b6 Rb7 45. Rd1 Ke8 46. Rd3
Ke7 47. Kf2 e5 48. Bc5+ Ke8 49. Ke3 f6 50. Ke4 Rf7 51. Rd6 Rb7 52. Kd5 1-0

[Event "Skopje MKD"]
[Site "Skopje MKD"]
[Date "2014.03.30"]
[Round "3.91"]
[White "Ilic, Ljubomir"]
[Black "Can, Isik"]
[Result "1-0"]
[WhiteElo "2195"]
[BlackElo "1762"]
[PlyCount "73"]
[EventDate "2014.03.29"]
[EventType "swiss"]
[EventRounds "9"]

1. e4 e5 2. Nf3 Nc6 3. Nc3 Nf6 4. Bb5 Bb4 5. d3 d6 6. O-O a6 7. Ba4 Bg4 8. h3
Bh5 9. Nd5 Bc5 10. c3 b5 11. Bg5 h6 12. Bxf6 gxf6 13. g4 Bg6 14. Bb3 Kf8 15.
Kg2 Kg7 16. Rg1 h5 17. Nh4 Ne7 18. Qf3 Nxd5 19. Bxd5 Rb8 20. b4 Bb6 21. Rae1
Kf8 22. g5 c6 23. Bb3 d5 24. Kh2 Rg8 25. gxf6 dxe4 26. dxe4 Qd2 27. Nxg6+ Rxg6
28. Rxg6 fxg6 29. Rg1 g5 30. Rg2 Rd8 31. Qf5 Rd3 32. Qxg5 Qxg5 33. Rxg5 Ke8 34.
f7+ Ke7 35. Rxe5+ Kf6 36. Rf5+ Kg6 37. f8=Q 1-0